| 000 | 00781nam a2200181 a 4500 | ||
|---|---|---|---|
| 001 | 001120551 | ||
| 003 | AM-YeHGA | ||
| 005 | 20250617161212.0 | ||
| 008 | 151214s1966 ru r 000 0 rus d | ||
| 040 | _aAM-YeHGA | ||
| 041 | 0 | _arus | |
| 245 | 0 | 0 |
_aМетодики электрокардиологических исследований : _b(Методические указания для студентов) / _cРязанский мед. ин-т им. И.П. Павлова. |
| 260 |
_aРязань : _bБ. и., _c1966. |
||
| 300 |
_a152 с. : _bтабл., схем., 3 вкл. слож. л. ил. ; _c26 см. |
||
| 650 | 1 | 4 | _aБолезни сердца |
| 710 | 2 | _aРязанский медицинский институт им. И.П. Павлова | |
| 090 | _c470607 | ||
| 999 |
_c467378 _d467378 |
||